|
|
|
|
| LEADER |
00000cam a22000004a 4500 |
| 001 |
musev2_68372 |
| 003 |
MdBmJHUP |
| 005 |
20230905051047.0 |
| 006 |
m o d |
| 007 |
cr||||||||nn|n |
| 008 |
090922s2009 xxu o 00 0 eng d |
| 020 |
|
|
|a 9780801458699
|
| 020 |
|
|
|z 9780801447709
|
| 020 |
|
|
|z 9780801457456
|
| 020 |
|
|
|z 9780801475016
|
| 035 |
|
|
|a (OCoLC)726824250
|
| 040 |
|
|
|a MdBmJHUP
|c MdBmJHUP
|
| 100 |
1 |
|
|a Gustafsson, Mai Lan
|d (1969-....).
|4 aut
|
| 245 |
1 |
0 |
|a War and Shadows :
|b The Haunting of Vietnam /
|c Mai Lan Gustafsson.
|
| 264 |
|
1 |
|a Ithaca :
|b Cornell University Press,
|c 2009.
|
| 264 |
|
3 |
|a Baltimore, Md. :
|b Project MUSE,
|c 2021
|
| 264 |
|
4 |
|c ©2009.
|
| 300 |
|
|
|a 1 online resource (224 pages).
|
| 336 |
|
|
|a text
|b txt
|2 rdacontent
|
| 337 |
|
|
|a computer
|b c
|2 rdamedia
|
| 338 |
|
|
|a online resource
|b cr
|2 rdacarrier
|
| 490 |
0 |
|
|a Cornell paperbacks
|
| 505 |
0 |
|
|a The problem -- Foundations -- Revelations -- The living and the dead -- Afterlives -- Problem solving -- "Superstition" in a secular state -- Revivals -- Conclusion
|
| 588 |
|
|
|a Description based on print version record.
|
| 650 |
|
7 |
|a Religion et État
|z Viet-Nam.
|2 ram
|
| 650 |
|
7 |
|a Guerre du Vietnam (1961-1975)
|x Aspect social.
|2 ram
|
| 650 |
|
7 |
|a Guerre du Vietnam (1961-1975)
|x Pertes humaines.
|2 ram
|
| 650 |
|
7 |
|a Guerre du Vietnam (1961-1975)
|x Aspect psychologique.
|2 ram
|
| 650 |
|
7 |
|a Fantômes
|z Vietnam.
|2 ram
|
| 650 |
|
7 |
|a Possession (anthropologie)
|z Vietnam.
|2 ram
|
| 650 |
|
7 |
|a Medecine et esoterisme.
|2 ram
|
| 650 |
|
7 |
|a Spiritisme.
|2 ram
|
| 650 |
|
7 |
|a War and society.
|2 fast
|0 (OCoLC)fst01170447
|
| 650 |
|
7 |
|a Spiritualism.
|2 fast
|0 (OCoLC)fst01130170
|
| 650 |
|
7 |
|a Spiritual healing and spiritualism.
|2 fast
|0 (OCoLC)fst01130097
|
| 650 |
|
7 |
|a Spirit possession.
|2 fast
|0 (OCoLC)fst01130054
|
| 650 |
|
7 |
|a Religion and state.
|2 fast
|0 (OCoLC)fst01093863
|
| 650 |
|
7 |
|a Psychological aspects.
|2 fast
|0 (OCoLC)fst01354086
|
| 650 |
|
7 |
|a Ghosts.
|2 fast
|0 (OCoLC)fst00942434
|
| 650 |
|
7 |
|a Battle casualties.
|2 fast
|0 (OCoLC)fst00828893
|
| 650 |
|
0 |
|a Religion and state
|z Vietnam.
|
| 650 |
|
0 |
|a War and society
|z Vietnam.
|
| 650 |
|
0 |
|a Vietnam War, 1961-1975
|x Casualties.
|
| 650 |
|
0 |
|a Vietnam War, 1961-1975
|x Psychological aspects.
|
| 650 |
|
0 |
|a Ghosts
|z Vietnam.
|
| 650 |
|
0 |
|a Spiritual healing and spiritualism.
|
| 650 |
|
0 |
|a Spirit possession
|z Vietnam.
|
| 650 |
|
0 |
|a Spiritualism
|z Vietnam.
|
| 651 |
|
7 |
|a Vietnam.
|2 fast
|0 (OCoLC)fst01204778
|
| 655 |
|
7 |
|a Electronic books.
|2 local
|
| 710 |
2 |
|
|a Project Muse.
|e distributor
|
| 830 |
|
0 |
|a Book collections on Project MUSE.
|
| 856 |
4 |
0 |
|z Texto completo
|u https://projectmuse.uam.elogim.com/book/68372/
|
| 945 |
|
|
|a Project MUSE - Custom Collection
|
| 945 |
|
|
|a Project MUSE - Archive Complete Supplement IX
|
| 945 |
|
|
|a Project MUSE - Archive Archaeology and Anthropology Supplement IX
|
| 945 |
|
|
|a Project MUSE - Archive Asian and Pacific Studies Supplement VIII
|